[Event "Deutsche Ländermeisterschaft 2019"]
[Site "Würzburg GER"]
[Date "2019.10.03"]
[Round "3"]
[White "Wu, Leon"]
[Black "Richter, Nils"]
[Result "0-1"]
[Termination "normal"]
[Board "8.3"]
[WhiteElo "2009"]
[BlackElo "2238"]
[WhiteClock "00:07:04"]
[BlackClock "00:10:31"]
[WhiteTeam "Baden 2"]
[BlackTeam "Württemberg"]
[PlyCount "160"]
[WhiteFideId "12977438"]
[BlackFideId "12990809"]
[EventCountry "GER"]
[EventRounds "7"]
[EventType "team-swiss"]
[EventDate "2019.10.01"]

1. e4 {[%clk 1:30:58]} c5 {[%clk 1:30:53]} 2. Nf3 {[%clk 1:31:23]} e6 {[%clk
1:31:18]} 3. d4 {[%clk 1:31:46]} cxd4 {[%clk 1:31:42]} 4. Nxd4 {[%clk 1:32:10]}
Nc6 {[%clk 1:31:58]} 5. Nc3 {[%clk 1:32:30]} Qc7 {[%clk 1:32:17]} 6. Be3 {[%clk
1:32:24]} a6 {[%clk 1:32:40]} 7. Be2 {[%clk 1:32:35]} Nf6 {[%clk 1:32:52]} 8.
O-O {[%clk 1:32:24]} Be7 {[%clk 1:32:44]} 9. f4 {[%clk 1:32:16]} d6 {[%clk
1:33:07]} 10. a4 {[%clk 1:24:01]} O-O {[%clk 1:33:28]} 11. Nb3 {[%clk 1:21:32]}
b6 {[%clk 1:23:53]} 12. Rc1 {[%clk 1:16:57]} Bb7 {[%clk 1:22:41]} 13. Qe1
{[%clk 1:16:28]} Nb8 {[%clk 1:11:37]} 14. Bf3 {[%clk 1:15:30]} Nbd7 {[%clk
1:11:35]} 15. Qg3 {[%clk 1:13:17]} Rab8 {[%clk 0:49:32]} 16. Kh1 {[%clk
1:04:07]} Kh8 {[%clk 0:45:27]} 17. Rfe1 {[%clk 0:54:40]} e5 {[%clk 0:42:05]}
18. Red1 {[%clk 0:48:38]} Bc6 {[%clk 0:39:40]} 19. f5 {[%clk 0:45:39]} Qb7
{[%clk 0:36:23]} 20. Nd2 {[%clk 0:42:33]} b5 {[%clk 0:33:31]} 21. axb5 {[%clk
0:41:28]} axb5 {[%clk 0:33:55]} 22. b4 {[%clk 0:39:38]} Ra8 {[%clk 0:30:15]}
23. Nb3 {[%clk 0:36:40]} Ra3 {[%clk 0:26:03]} 24. Na5 {[%clk 0:33:48]} Qa8
{[%clk 0:25:19]} 25. Rd3 {[%clk 0:28:29]} Rc8 {[%clk 0:19:54]} 26. h3 {[%clk
0:21:45]} Bd8 {[%clk 0:19:13]} 27. Nxc6 {[%clk 0:17:35]} Rxc6 {[%clk 0:19:30]}
28. Bd2 {[%clk 0:16:07]} Nb6 {[%clk 0:16:06]} 29. Qe1 {[%clk 0:15:11]} Qa6
{[%clk 0:15:42]} 30. Nd5 {[%clk 0:07:46]} Nfxd5 {[%clk 0:12:49]} 31. exd5
{[%clk 0:07:27]} Rc8 {[%clk 0:13:00]} 32. Be4 {[%clk 0:07:06]} Ra2 {[%clk
0:11:58]} 33. Rf3 {[%clk 0:06:51]} Bf6 {[%clk 0:09:01]} 34. g4 {[%clk 0:06:37]}
h6 {[%clk 0:09:19]} 35. g5 {[%clk 0:06:11]} hxg5 {[%clk 0:08:55]} 36. Qg1
{[%clk 0:06:37]} Rc4 {[%clk 0:07:01]} 37. Bd3 {[%clk 0:05:22]} Rf4 {[%clk
0:04:31]} 38. Bxf4 {[%clk 0:05:32]} gxf4 {[%clk 0:04:28]} 39. Be4 {[%clk
0:03:14]} Nc4 {[%clk 0:04:06]} 40. Rd3 {[%clk 0:03:00]} Qa4 {[%clk 0:01:06]}
41. Qe1 {[%clk 0:28:28]} Kg8 {[%clk 0:20:20]} 42. Rb3 {[%clk 0:27:05]} Bg5
{[%clk 0:18:47]} 43. h4 {[%clk 0:24:39]} Bd8 {[%clk 0:17:55]} 44. Rh3 {[%clk
0:22:39]} Ne3 {[%clk 0:14:13]} 45. Qc3 {[%clk 0:20:13]} Nc4 {[%clk 0:11:35]}
46. Qe1 {[%clk 0:18:23]} Ne3 {[%clk 0:10:37]} 47. h5 {[%clk 0:13:04]} Qa7
{[%clk 0:08:47]} 48. Qg1 {[%clk 0:10:04]} Qd4 {[%clk 0:08:39]} 49. Bg2 {[%clk
0:05:05]} Nxf5 {[%clk 0:08:26]} 50. Qxd4 {[%clk 0:04:32]} Nxd4 {[%clk 0:08:54]}
51. Bf1 {[%clk 0:03:07]} Bg5 {[%clk 0:07:53]} 52. c3 {[%clk 0:03:07]} Ne2
{[%clk 0:05:49]} 53. Rd1 {[%clk 0:03:12]} Ng3+ {[%clk 0:06:02]} 54. Kg1 {[%clk
0:03:37]} Bd8 {[%clk 0:06:18]} 55. Bg2 {[%clk 0:03:00]} Bb6+ {[%clk 0:05:25]}
56. Kh2 {[%clk 0:03:29]} Ne4 {[%clk 0:05:15]} 57. Rhd3 {[%clk 0:03:08]} Be3
{[%clk 0:04:37]} 58. Rxe3 {[%clk 0:02:12]} fxe3 {[%clk 0:05:02]} 59. Re1 {[%clk
0:02:29]} Nxc3 {[%clk 0:04:24]} 60. Rxe3 {[%clk 0:02:28]} Nxd5 {[%clk 0:04:51]}
61. Rd3 {[%clk 0:01:10]} Rxg2+ {[%clk 0:05:07]} 62. Kh1 {[%clk 0:01:25]} Nf4
{[%clk 0:05:27]} 63. Rxd6 {[%clk 0:01:34]} Rb2 {[%clk 0:05:43]} 64. Rd8+ {[%clk
0:01:25]} Kh7 {[%clk 0:06:08]} 65. Re8 {[%clk 0:01:52]} f6 {[%clk 0:06:26]} 66.
Kg1 {[%clk 0:02:16]} Rxb4 {[%clk 0:06:47]} 67. Kf2 {[%clk 0:02:42]} Nxh5 {[%clk
0:06:51]} 68. Ke3 {[%clk 0:03:08]} Rd4 {[%clk 0:06:53]} 69. Rb8 {[%clk
0:03:26]} b4 {[%clk 0:07:13]} 70. Rb7 {[%clk 0:03:49]} Nf4 {[%clk 0:07:30]} 71.
Rb5 {[%clk 0:04:03]} Nd5+ {[%clk 0:07:52]} 72. Kf2 {[%clk 0:04:27]} Rd3 {[%clk
0:08:01]} 73. Rb7 {[%clk 0:04:40]} b3 {[%clk 0:08:20]} 74. Ke2 {[%clk 0:05:05]}
Rh3 {[%clk 0:08:38]} 75. Kf1 {[%clk 0:05:17]} Ne3+ {[%clk 0:08:44]} 76. Kg1
{[%clk 0:05:34]} Nc4 {[%clk 0:09:03]} 77. Kg2 {[%clk 0:05:56]} Rc3 {[%clk
0:09:26]} 78. Rb8 {[%clk 0:06:15]} b2 {[%clk 0:09:49]} 79. Kh2 {[%clk 0:06:38]}
Rc1 {[%clk 0:10:08]} 80. Kg2 {[%clk 0:07:04]} b1=Q {[%clk 0:10:31]} 0-1

[Event "Deutsche Ländermeisterschaft 2019"]
[Site "Würzburg GER"]
[Date "2019.10.03"]
[Round "3"]
[White "Bakó, Evelin"]
[Black "Haug, Mara"]
[Result "0-1"]
[Termination "normal"]
[Board "8.8"]
[WhiteElo "1209"]
[BlackElo "1508"]
[WhiteTeam "Württemberg"]
[BlackTeam "Baden 2"]
[PlyCount "90"]
[WhiteFideId "16271823"]
[BlackFideId "16259300"]
[EventCountry "GER"]
[EventRounds "7"]
[EventType "team-swiss"]
[EventDate "2019.10.01"]

1. e4 e5 2. Nf3 Nc6 3. Bb5 f5 4. d3 Qe7 5. c3 g6 6. O-O Bg7 7. Nbd2 d6 8. Nc4
Bd7 9. Ne3 Nf6 10. Bxc6 Bxc6 11. exf5 Bh6 12. fxg6 hxg6 13. Re1 Qh7 14. h3 g5
15. d4 O-O-O 16. dxe5 dxe5 17. Qc2 e4 18. Ne5 Bd7 19. Nxd7 Rxd7 20. Qa4 Kb8 21.
Nc4 g4 22. Bxh6 Qxh6 23. Ne5 Rg7 24. Kf1 gxh3 25. gxh3 Qxh3+ 26. Ke2 Qh5+ 27.
Kd2 Qxe5 28. Rad1 Rd7+ 29. Kc2 Rxd1 30. Rxd1 a6 31. b4 Qb5 32. Qxb5 axb5 33.
Kb3 Rh2 34. Rf1 Rh3 35. Re1 Rf3 36. Rf1 e3 37. Re1 exf2 38. Rf1 Nd5 39. Rxf2
Rxf2 40. a3 Rf3 41. a4 Rxc3+ 42. Kb2 bxa4 43. Kb1 Nxb4 44. Ka1 a3 45. Kb1 Rc6
0-1

[Event "Deutsche Ländermeisterschaft 2019"]
[Site "Würzburg GER"]
[Date "2019.10.03"]
[Round "3"]
[White "Wendler, David"]
[Black "Tiarks, Jann-Christian"]
[Result "1/2-1/2"]
[Termination "normal"]
[Board "9.1"]
[BlackTitle "CM"]
[WhiteElo "2077"]
[BlackElo "2180"]
[WhiteTeam "Team Süd"]
[BlackTeam "SG Brandenburg / Berlin"]
[PlyCount "44"]
[WhiteFideId "12938360"]
[BlackFideId "12951595"]
[EventCountry "GER"]
[EventRounds "7"]
[EventType "team-swiss"]
[EventDate "2019.10.01"]

1. e4 e6 2. d4 d5 3. Nc3 dxe4 4. Nxe4 Nd7 5. Nf3 Ngf6 6. Nxf6+ Nxf6 7. Bg5 Be7
8. Bd3 c5 9. O-O cxd4 10. Nxd4 O-O 11. c3 Nd5 12. Bxe7 Qxe7 13. Re1 Qf6 14. Be4
Rd8 15. Qb3 Nb6 16. Rad1 g6 17. Nb5 Bd7 18. Qb4 Bxb5 19. Qxb5 Rxd1 20. Rxd1 Rd8
21. Rxd8+ Qxd8 22. g3 Qc7 1/2-1/2

[Event "Deutsche Ländermeisterschaft 2019"]
[Site "Würzburg GER"]
[Date "2019.10.03"]
[Round "3"]
[White "Mätzkow, Maximilian Paul"]
[Black "Schallner, Marc"]
[Result "1/2-1/2"]
[Termination "normal"]
[Board "9.2"]
[WhiteTitle "FM"]
[WhiteElo "2287"]
[BlackElo "2041"]
[WhiteTeam "SG Brandenburg / Berlin"]
[BlackTeam "Team Süd"]
[PlyCount "44"]
[WhiteFideId "24679933"]
[BlackFideId "12971243"]
[EventCountry "GER"]
[EventRounds "7"]
[EventType "team-swiss"]
[EventDate "2019.10.01"]

1. e4 e5 2. Nf3 Nc6 3. Bb5 a6 4. Ba4 Nf6 5. d3 b5 6. Bb3 Be7 7. O-O d6 8. c3
O-O 9. Nbd2 Na5 10. Bc2 c5 11. Re1 Re8 12. Nf1 Bf8 13. Ng3 g6 14. h3 Nc6 15. b4
Bd7 16. Bg5 Bg7 17. Nh2 h6 18. Be3 Qe7 19. Ng4 Nxg4 20. hxg4 Qh4 21. g5 hxg5
22. Qd2 Bf6 1/2-1/2

[Event "Deutsche Ländermeisterschaft 2019"]
[Site "Würzburg GER"]
[Date "2019.10.03"]
[Round "3"]
[White "Jakob, Georg"]
[Black "Tschernatsch, Johannes"]
[Result "1-0"]
[Termination "normal"]
[Board "9.3"]
[WhiteElo "1952"]
[BlackElo "2132"]
[WhiteTeam "Team Süd"]
[BlackTeam "SG Brandenburg / Berlin"]
[PlyCount "83"]
[WhiteFideId "16224221"]
[BlackFideId "16223977"]
[EventCountry "GER"]
[EventRounds "7"]
[EventType "team-swiss"]
[EventDate "2019.10.01"]

1. e4 c5 2. Nf3 d6 3. d4 cxd4 4. Nxd4 Nf6 5. Nc3 a6 6. Bg5 e6 7. f4 b5 8. e5
dxe5 9. fxe5 Qc7 10. exf6 Qe5+ 11. Be2 Qxg5 12. O-O Ra7 13. Qd3 Rd7 14. Ne4 Qe5
15. Nf3 Qc7 16. Qe3 Bb7 17. Nfg5 g6 18. Qh3 h6 19. Bd3 Kd8 20. Kh1 Kc8 21. b4
Bc6 22. a4 bxa4 23. Rab1 Bb5 24. Rfd1 a3 25. Nc5 Bxc5 26. bxc5 a2 27. Ra1 Qe5
28. Ne4 Kc7 29. Qf3 Rhd8 30. Nd6 Bc6 31. Qf2 Qb2 32. Qg3 Rxd6 33. cxd6+ Kd7 34.
Qe3 Bb7 35. Qxh6 Qxf6 36. Rf1 Qe5 37. Rxf7+ Kxd6 38. Qc1 Rh8 39. Qa3+ Kc6 40.
Qa4+ Kd6 41. Qb4+ Kd5 42. Qc4+ 1-0

[Event "Deutsche Ländermeisterschaft 2019"]
[Site "Würzburg GER"]
[Date "2019.10.03"]
[Round "3"]
[White "Jacoby, Angelina"]
[Black "Franke, Luca"]
[Result "0-1"]
[Termination "normal"]
[Board "9.4"]
[WhiteElo "1635"]
[BlackElo "1872"]
[WhiteTeam "SG Brandenburg / Berlin"]
[BlackTeam "Team Süd"]
[PlyCount "66"]
[WhiteFideId "12999008"]
[BlackFideId "16234774"]
[EventCountry "GER"]
[EventRounds "7"]
[EventType "team-swiss"]
[EventDate "2019.10.01"]

1. d4 Nf6 2. Bf4 g6 3. Nf3 Bg7 4. c3 d6 5. e3 O-O 6. Nbd2 Nbd7 7. e4 Nh5 8. Bg3
e5 9. dxe5 dxe5 10. Bc4 Qe7 11. Qb3 Nc5 12. Qb4 a5 13. Qa3 a4 14. Qb4 Rd8 15.
O-O Nxg3 16. hxg3 Bf8 17. b3 a3 18. Bd5 c6 19. Bc4 Qc7 20. Bxf7+ Kxf7 21. Qc4+
Be6 22. Ng5+ Kf6 23. Nxe6 Nxe6 24. Qe2 Kg7 25. Nf3 Rd7 26. Rad1 Rad8 27. Rxd7+
Rxd7 28. Nd2 b5 29. Re1 Qd6 30. Nf1 Be7 31. Qg4 h5 32. Qh3 Ng5 33. Qh2 Qc5 0-1

[Event "Deutsche Ländermeisterschaft 2019"]
[Site "Würzburg GER"]
[Date "2019.10.03"]
[Round "3"]
[White "Lederer, Leia"]
[Black "Schiewe, Nadin"]
[Result "1-0"]
[Termination "normal"]
[Board "9.5"]
[WhiteElo "1750"]
[BlackElo "1593"]
[WhiteTeam "Team Süd"]
[BlackTeam "SG Brandenburg / Berlin"]
[PlyCount "53"]
[WhiteFideId "12926353"]
[BlackFideId "16209079"]
[EventCountry "GER"]
[EventRounds "7"]
[EventType "team-swiss"]
[EventDate "2019.10.01"]

1. e4 d5 2. exd5 Qxd5 3. Nc3 Qa5 4. d4 c6 5. Nf3 Nf6 6. Bc4 Bf5 7. Bd2 Qc7 8.
Ne5 e6 9. Qe2 Nbd7 10. O-O-O Bd6 11. g4 Bg6 12. f4 Bxe5 13. dxe5 Nd5 14. Bxd5
cxd5 15. f5 exf5 16. Nb5 Qc6 17. Nd6+ Kf8 18. gxf5 Bxf5 19. Nxf5 Rc8 20. Bb4+
Nc5 21. Qf2 Rc7 22. Rhf1 Kg8 23. Bxc5 Qxc5 24. Qxc5 Rxc5 25. Nd6 Rc7 26. Rxd5
h6 27. Nxf7 1-0

[Event "Deutsche Ländermeisterschaft 2019"]
[Site "Würzburg GER"]
[Date "2019.10.03"]
[Round "3"]
[White "Grabs, Peter"]
[Black "Pavlov, Liliane"]
[Result "1-0"]
[Termination "normal"]
[Board "9.6"]
[WhiteTitle "CM"]
[WhiteElo "1592"]
[BlackElo "1629"]
[WhiteTeam "SG Brandenburg / Berlin"]
[BlackTeam "Team Süd"]
[PlyCount "71"]
[WhiteFideId "16203887"]
[BlackFideId "16225449"]
[EventCountry "GER"]
[EventRounds "7"]
[EventType "team-swiss"]
[EventDate "2019.10.01"]

1. e4 c5 2. Nf3 Nc6 3. Bb5 d6 4. O-O Nf6 5. Re1 Qb6 6. Bf1 Bg4 7. h3 Bh5 8. d3
e5 9. Nbd2 Be7 10. Nc4 Qc7 11. c3 b5 12. Ne3 Bg6 13. Nd5 Nxd5 14. exd5 Nb8 15.
d4 e4 16. Bxb5+ Kf8 17. Ng5 Bxg5 18. Bxg5 f6 19. Bf4 a6 20. Ba4 Kf7 21. Bc2 Re8
22. b3 Nd7 23. h4 h6 24. dxc5 Nxc5 25. c4 Nd3 26. Bxd3 exd3 27. h5 Bh7 28. Qg4
Re4 29. Rxe4 Bxe4 30. Qe6+ Kf8 31. Bxd6+ Qxd6 32. Qxd6+ Kg8 33. Qe6+ Kh8 34.
Qxe4 d2 35. Rd1 a5 36. Rxd2 1-0

[Event "Deutsche Ländermeisterschaft 2019"]
[Site "Würzburg GER"]
[Date "2019.10.03"]
[Round "3"]
[White "Ensslinger, Colin"]
[Black "Sperling, Niclas"]
[Result "1-0"]
[Termination "normal"]
[Board "9.7"]
[WhiteElo "1666"]
[BlackElo "1656"]
[WhiteTeam "Team Süd"]
[BlackTeam "SG Brandenburg / Berlin"]
[PlyCount "73"]
[WhiteFideId "16226011"]
[BlackFideId "16204000"]
[EventCountry "GER"]
[EventRounds "7"]
[EventType "team-swiss"]
[EventDate "2019.10.01"]

1. c4 c5 2. g3 Nc6 3. Bg2 g6 4. Nc3 Bg7 5. a3 Nf6 6. Rb1 Rb8 7. b4 cxb4 8. axb4
O-O 9. d4 a6 10. b5 axb5 11. cxb5 Na5 12. e3 b6 13. Nge2 Bb7 14. f3 Qc7 15. O-O
Nd5 16. Nxd5 Bxd5 17. e4 Bc4 18. Bf4 d6 19. Rc1 Rfc8 20. Rc3 Qd7 21. Re1 Bxe2
22. Rxc8+ Rxc8 23. Qxe2 Bxd4+ 24. Kh1 Rc5 25. Rd1 e5 26. Bf1 Qc7 27. Bd2 Rc2
28. Qd3 Nb7 29. Be2 Rb2 30. Qc4 Qxc4 31. Bxc4 Na5 32. Bd3 Kg7 33. Be1 Nb3 34.
Rb1 Nc5 35. Rxb2 Bxb2 36. Bc4 Bc1 37. Bf2 1-0

[Event "Deutsche Ländermeisterschaft 2019"]
[Site "Würzburg GER"]
[Date "2019.10.03"]
[Round "3"]
[White "Heinze, Sofie"]
[Black "Bakó, Isabella"]
[Result "0-1"]
[Termination "normal"]
[Board "9.8"]
[WhiteElo "1207"]
[BlackElo "1266"]
[WhiteTeam "SG Brandenburg / Berlin"]
[BlackTeam "Team Süd"]
[PlyCount "104"]
[WhiteFideId "16226461"]
[BlackFideId "16287266"]
[EventCountry "GER"]
[EventRounds "7"]
[EventType "team-swiss"]
[EventDate "2019.10.01"]

1. d4 Nf6 2. Nf3 g6 3. g3 c5 4. e3 b6 5. Bg2 Bb7 6. Nbd2 Bg7 7. c4 O-O 8. d5 e6
9. e4 exd5 10. cxd5 Re8 11. Ng5 Bh6 12. Ndf3 Bxd5 13. O-O Bxg5 14. Nxg5 Bb7 15.
Re1 d5 16. Qc2 Nc6 17. Bf4 Nd4 18. Qd3 Bc6 19. Rad1 Bb5 20. Qb1 Ne2+ 21. Kh1
Nxf4 22. gxf4 Ng4 23. Kg1 Qf6 24. Qc1 Rad8 25. exd5 Be2 26. Rd2 Bb5 27. Rdd1
Re2 28. Rxe2 Bxe2 29. Re1 Bb5 30. Rd1 Re8 31. d6 Rd8 32. Bh3 Nh6 33. d7 Nf5 34.
Ne4 Qc6 35. Qb1 Qe6 36. Ng5 Qf6 37. Ne4 Qh4 38. Bg2 Rxd7 39. Re1 Re7 40. Qc1
Re6 41. Rd1 Bc6 42. Rd8+ Qxd8 43. Ng5 Rd6 44. Qc4 Rd1+ 45. Bf1 Qd7 46. Qb3 Nh4
47. f3 Nxf3+ 48. Nxf3 Qg4+ 49. Kf2 Rd6 50. Ne5 Qxf4+ 51. Kg1 Qd4+ 52. Qe3 Qxe3#
0-1

[Event "Deutsche Ländermeisterschaft 2019"]
[Site "Würzburg GER"]
[Date "2019.10.03"]
[Round "3"]
[White "Pahl, Erik"]
[Black "Zha, Kevin"]
[Result "1/2-1/2"]
[Termination "normal"]
[Board "10.2"]
[WhiteElo "2027"]
[BlackElo "1923"]
[WhiteTeam "SG Bremen / Niedersachsen"]
[BlackTeam "Saarland"]
[PlyCount "65"]
[WhiteFideId "16201272"]
[BlackFideId "16208951"]
[EventCountry "GER"]
[EventRounds "7"]
[EventType "team-swiss"]
[EventDate "2019.10.01"]

1. e4 g6 2. d4 Bg7 3. Nc3 d6 4. f4 Nf6 5. Nf3 O-O 6. e5 Nfd7 7. Bc4 c5 8. e6
Nb6 9. exf7+ Kh8 10. h4 Nxc4 11. h5 Bf5 12. Ng5 Qc8 13. Nd5 Nc6 14. Nxh7 Qe6+
15. Kf1 Bh6 16. Nc7 Qxf7 17. Ng5 Qf6 18. hxg6 Kg7 19. Nf7 Rxf7 20. gxf7 Qxf7
21. Nxa8 Nxd4 22. b3 Nxc2 23. Qe2 Ne5 24. Kg1 Nxa1 25. Rxh6 Kxh6 26. fxe5+ Kg6
27. g4 Bd7 28. Qe4+ Kg7 29. Bb2 Bc6 30. exd6+ Kg8 31. Qxe7 Qxe7 32. dxe7 Nc2
33. Nc7 1/2-1/2

[Event "Deutsche Ländermeisterschaft 2019"]
[Site "Würzburg GER"]
[Date "2019.10.03"]
[Round "3"]
[White "Möller, Hannah"]
[Black "Müller, Maximilian"]
[Result "1-0"]
[Termination "normal"]
[Board "10.4"]
[WhiteElo "1859"]
[BlackElo "1682"]
[WhiteTeam "SG Bremen / Niedersachsen"]
[BlackTeam "Saarland"]
[PlyCount "151"]
[WhiteFideId "1270514"]
[BlackFideId "16243552"]
[EventCountry "GER"]
[EventRounds "7"]
[EventType "team-swiss"]
[EventDate "2019.10.01"]

1. Nf3 Nf6 2. g3 g6 3. Bg2 Bg7 4. O-O d5 5. d4 O-O 6. c4 e6 7. Nc3 c6 8. Rb1
Re8 9. b4 Nbd7 10. Bb2 Nb6 11. c5 Nc4 12. Bc1 b5 13. Nd2 Nxd2 14. Bxd2 e5 15.
dxe5 Rxe5 16. Bf4 Re8 17. e4 Nh5 18. Bd2 d4 19. Ne2 Nf6 20. e5 Nd5 21. Nxd4 Bb7
22. f4 f6 23. exf6 Bxf6 24. Nf3 Kg7 25. Qc2 Bc8 26. Rbe1 Bf5 27. Qc1 Qc7 28.
Ng5 Qd7 29. Ne4 Bxe4 30. Rxe4 Rxe4 31. Bxe4 Bd4+ 32. Kh1 Re8 33. Bg2 Re2 34.
Qd1 Qe6 35. Re1 Rxe1+ 36. Qxe1 Qxe1+ 37. Bxe1 Ne7 38. g4 Kf7 39. Be4 Ke6 40.
Kg2 a5 41. Kf3 a4 42. f5+ gxf5 43. gxf5+ Kd7 44. Ke2 Ng8 45. Kd3 Be5 46. h3 Nf6
47. Bf3 Bc7 48. Kd4 Bf4 49. Bh4 Bc1 50. Kc3 Ng8 51. f6 Nh6 52. Be4 Nf7 53. Bxh7
Bf4 54. Bf2 Be5+ 55. Bd4 Bg3 56. Bg6 Ke6 57. Bxf7+ Kxf7 58. Kd3 Be1 59. Bc3 Bh4
60. Ke4 Bg5 61. Bb2 Bd2 62. a3 Be1 63. Kf5 Bd2 64. Kg4 Be3 65. h4 Bd2 66. Kf5
Bh6 67. h5 Bf8 68. Kg5 Kg8 69. Kg6 Bg7 70. f7+ Kf8 71. Bxg7+ Ke7 72. f8=Q+ Kd7
73. Qd6+ Ke8 74. Qxc6+ Ke7 75. Bf6+ Kf8 76. Qc8# 1-0

[Event "Deutsche Ländermeisterschaft 2019"]
[Site "Würzburg GER"]
[Date "2019.10.03"]
[Round "3"]
[White "Unbehend, Marius"]
[Black "Sinnhöfer, Joshua"]
[Result "0-1"]
[Termination "normal"]
[Board "10.5"]
[WhiteElo "1461"]
[BlackElo "1606"]
[WhiteTeam "Saarland"]
[BlackTeam "SG Bremen / Niedersachsen"]
[PlyCount "120"]
[WhiteFideId "16214420"]
[BlackFideId "16201361"]
[EventCountry "GER"]
[EventRounds "7"]
[EventType "team-swiss"]
[EventDate "2019.10.01"]

1. e4 e5 2. Nf3 Nc6 3. Bc4 Bc5 4. c3 Nf6 5. d3 a6 6. O-O Ba7 7. b4 d6 8. Bg5 h6
9. Bh4 g5 10. Nxg5 hxg5 11. Bxg5 Rg8 12. h4 Rg6 13. a4 Ne7 14. Qb3 d5 15. exd5
Qd6 16. Nd2 Bf5 17. Rae1 O-O-O 18. b5 a5 19. Nf3 e4 20. dxe4 Bxe4 21. Rxe4 Nxe4
22. Bxe7 Qxe7 23. d6 Rdxd6 24. Bxf7 Rgf6 25. Bd5 Rxf3 26. Bxe4 Qxe4 27. Qg8+
Rd8 28. Qg5 Rxf2 29. Rxf2 Qe1+ 30. Kh2 Qxf2 31. Qg4+ Kb8 32. Qe4 Qg1+ 33. Kh3
Qe3+ 34. Qf3 Qxf3+ 35. gxf3 Be3 36. Kg4 Bh6 37. Kh5 Bf8 38. Kg6 Rd3 39. f4 Rxc3
40. f5 Rc4 41. h5 Rxa4 42. h6 Bxh6 43. Kxh6 Rf4 44. Kg5 Rxf5+ 45. Kxf5 a4 46.
Ke6 a3 47. Kd7 a2 48. b6 c6 49. Kd8 a1=Q 50. Ke8 Qd4 51. Ke7 Qd5 52. Ke8 Qd6
53. Kf7 Qe5 54. Kf8 Qe6 55. Kg7 Qf5 56. Kg8 Qf6 57. Kh7 Qg5 58. Kh8 Kc8 59. Kh7
Kd7 60. Kh8 Ke7 0-1

[Event "Deutsche Ländermeisterschaft 2019"]
[Site "Würzburg GER"]
[Date "2019.10.03"]
[Round "3"]
[White "Sinnhöfer, Lilian"]
[Black "Fuchs, Emily"]
[Result "1/2-1/2"]
[Termination "normal"]
[Board "10.6"]
[WhiteElo "1442"]
[BlackElo "1490"]
[WhiteTeam "SG Bremen / Niedersachsen"]
[BlackTeam "Saarland"]
[PlyCount "80"]
[WhiteFideId "12977586"]
[BlackFideId "16208986"]
[EventCountry "GER"]
[EventRounds "7"]
[EventType "team-swiss"]
[EventDate "2019.10.01"]

1. e4 e5 2. Nf3 Nc6 3. Bb5 a6 4. Bxc6 dxc6 5. O-O Bg4 6. h3 h5 7. d3 Qf6 8.
Nbd2 g5 9. Re1 Bxf3 10. Qxf3 Qxf3 11. Nxf3 f6 12. Be3 O-O-O 13. Rad1 Bd6 14. d4
exd4 15. Bxd4 Rh6 16. e5 fxe5 17. Bxe5 g4 18. Ng5 Rg6 19. Nf7 Rd7 20. Nxd6+
cxd6 21. Bf4 gxh3 22. g3 Nh6 23. Bxh6 Rxh6 24. Kh2 h4 25. Re8+ Kc7 26. g4 Rf7
27. Re2 Rhf6 28. Rf1 Rf3 29. g5 Rg7 30. Rg1 Rf5 31. Kxh3 Rfxg5 32. Rxg5 Rxg5
33. Kxh4 Re5 34. Rd2 d5 35. f4 Re1 36. f5 Kd7 37. Kg5 Ke7 38. Rf2 Kf7 39. f6
Rg1+ 40. Kf5 Re1 1/2-1/2

[Event "Deutsche Ländermeisterschaft 2019"]
[Site "Würzburg GER"]
[Date "2019.10.03"]
[Round "3"]
[White "Huppert, Anna"]
[Black "Fröhlich, Niklas"]
[Result "0-1"]
[Termination "normal"]
[Board "10.7"]
[WhiteElo "1516"]
[BlackElo "1228"]
[WhiteTeam "Saarland"]
[BlackTeam "SG Bremen / Niedersachsen"]
[PlyCount "86"]
[WhiteFideId "16214439"]
[BlackFideId "16245016"]
[EventCountry "GER"]
[EventRounds "7"]
[EventType "team-swiss"]
[EventDate "2019.10.01"]

1. e4 c5 2. d4 cxd4 3. c3 dxc3 4. Nxc3 Nc6 5. Nf3 e6 6. Bc4 a6 7. O-O b5 8. Bb3
Nge7 9. Qe2 Ng6 10. Rd1 Be7 11. Be3 O-O 12. Rac1 Bb7 13. Qd2 d6 14. Ne2 Qd7 15.
Nf4 Nge5 16. Nxe5 Nxe5 17. Qe2 Rac8 18. Rxc8 Rxc8 19. Bd4 Nc6 20. Bc3 b4 21.
Bd2 Nd4 22. Qe3 Nxb3 23. axb3 a5 24. Qe2 Bg5 25. Qg4 Bxf4 26. Bxf4 Rc6 27. Qg3
e5 28. Bh6 f6 29. Be3 Ba6 30. Rc1 Rxc1+ 31. Bxc1 Qb5 32. h3 Qf1+ 33. Kh2 Qxc1
34. Qg4 Qf4+ 35. Qxf4 exf4 36. f3 Bc8 37. Kg1 Be6 38. Kf1 Bxb3 39. Ke1 a4 40.
Kd2 a3 41. bxa3 bxa3 42. Kc1 a2 43. Kb2 Kf7 0-1